| 000 | 00582nas a2200229Ia 4500 | ||
|---|---|---|---|
| 001 | A10/R147-32206 | ||
| 003 | IT-MiCISF | ||
| 005 | 20250718122517.0 | ||
| 008 | 161014c99999999xx |||||||||||| ||und|| | ||
| 040 |
_aIT-MiCISF _cIT-MiCISF |
||
| 041 | _ait | ||
| 100 |
_aSimone Michele _960537 |
||
| 245 | 0 | _aI giovani, il sesso, l'amore | |
| 250 | _a"La civiltà cattolica", n. 3611, 2 dicembre | ||
| 260 | _c2000 | ||
| 300 | _app. 486-495 | ||
| 500 | _agiovani, sessualità, amore | ||
| 650 | _aEtà-evolutiva | ||
| 654 | _aarticolo | ||
| 942 |
_cCR _2ddc |
||
| 999 |
_c239487 _d239487 |
||
| 999 | _bSi | ||